Emodiment: (Record no. 10960)

MARC details
000 -LEADER
fixed length control field 00647nam a2200241 a 4500
001 - CONTROL NUMBER
control field 0001-0960
003 - CONTROL NUMBER IDENTIFIER
control field ELIB.Books
008 - FIXED-LENGTH DATA ELEMENTS--GENERAL INFORMATION
fixed length control field 140915 2010 eng
020 ## - INTERNATIONAL STANDARD BOOK NUMBER
International Standard Book Number 0806617012
035 ## - SYSTEM CONTROL NUMBER
System control number (ELIB.Books)0001-1114
092 ## - LOCALLY ASSIGNED DEWEY CALL NUMBER (OCLC)
Classification number 230
Item number Nel
100 ## - MAIN ENTRY--PERSONAL NAME
Personal name Nelson, James B.
245 ## - TITLE STATEMENT
Title Emodiment:
Remainder of title An Approach to Sexuality and Christian Theology
260 ## - PUBLICATION, DISTRIBUTION, ETC. (IMPRINT)
Place of publication, distribution, etc. Minneapolis:
Name of publisher, distributor, etc. Augsburg Publishing House
Date of publication, distribution, etc. 1978
300 ## - PHYSICAL DESCRIPTION
Extent 303
Dimensions 21.2 Cm
500 ## - GENERAL NOTE
General note Dr. Yahalaylayla
650 ## - SUBJECT ADDED ENTRY--TOPICAL TERM
Topical term or geographic name as entry element Theology
856 ## - ELECTRONIC LOCATION AND ACCESS
Name of location of host KBTS; Library
Uniform Resource Identifier <a href="KBTS; Elib.">KBTS; Elib.</a>
942 ## - ADDED ENTRY ELEMENTS (KOHA)
Source of classification or shelving scheme Dewey Decimal Classification
Koha item type Books
990 ## - EQUIVALENCES OR CROSS-REFERENCES [LOCAL, CANADA]
Link information for 9XX fields 1
998 ## - LOCAL CONTROL INFORMATION (RLIN)
Cataloger's initials, CIN (RLIN) bat
-- 2014-09-15
Holdings
Withdrawn status Lost status Source of classification or shelving scheme Damaged status Not for loan Home library Current library Date acquired Total Checkouts Barcode Date last seen Bill Date Koha item type
    Dewey Decimal Classification     Karen Baptist Theological Seminary Library Karen Baptist Theological Seminary Library 15/09/2014   15200 22/01/2022 22/01/2022 Books
Implemented & Customized by: BestBookBuddies

Powered by Koha